Pays d'Europe - Statistiques

Statistiques générales
  • Ce quiz a été pris 100 fois
  • Le résultat moyen est 39 sur 45
Statistiques - réponses
Par images Réponse % Correct
Allemagne
99%
Royaume-Uni
99%
Belgique
97%
Pays-bas
95%
Ukraine
95%
Suisse
94%
Roumanie
93%
Espagne
92%
Italie
92%
Pologne
92%
Suède
92%
Albanie
91%
Chypre
91%
France
91%
Grèce
91%
Portugal
91%
Irlande
90%
Autriche
89%
Russie
89%
Croatie
87%
Danemark
87%
Monaco
87%
Norvège
87%
Serbie
87%
Bulgarie
86%
Estonie
85%
République Tchèque
85%
Bosnie
84%
Lettonie
84%
Luxembourg
84%
Vatican
83%
Islande
82%
Malte
80%
Slovaquie
80%
Slovénie
80%
Kosovo
79%
Macédoine
79%
Biélorussie
78%
Lituanie
78%
Monténégro
77%
Hongrie
76%
Saint-Marin
76%
Andorre
75%
Liechtenstein
75%
Moldavie
71%
Aucun quiz correspondant
Distribution des résultats
% des personnes avec chaque résultat
Percentile par nombre de réponses
Votre historique - résultats
Vous n’avez pas pris ce quiz